| 000 | 00364pab a2200145 454500 | ||
|---|---|---|---|
| 008 | 180718b2006 xxu||||| |||| 00| 0 eng d | ||
| 100 | _aBhaskaran, P. Bala | ||
| 245 | _aFuturology: a literature survey | ||
| 260 | _c2006 | ||
| 300 | _ap.60-68. | ||
| 362 | _aJul | ||
| 650 | _aFuturology | ||
| 773 | _aThe Icfaian Journal of Management Research | ||
| 909 | _a70134 | ||
| 999 |
_c70134 _d70134 |
||